000
00373nam a22001577a 4500
003
MPLRDC
005
20220104125201.0
008
210129b ||||| |||| 00| 0 eng d
082
_a
857.9 CQY-37 v.4
100
_a
陈青云
245
_a
艳女杀手. 四
_c
260
_a
_b
四维出版社
_c
300
_b
平
650
_a
武侠小说
942
_c
BK
_o
857.9 CQY-37 v.4
999
_c
25330
_d
25320